Estadísticas para ¿Qué ciudad en Alemania?

Haz click aquí para tomar la prueba!

Estadísticas generales

  • Esta prueba ha sido tomada 164 veces
  • La puntuación promedio es 11 de 20

Estadísticas de respuestas

descripciónciudad% Correcto
Capital de AlemaniaBerlín
100%
Capital de BavieraMúnich
95%
Esta "Ciudad libre y hanseática" es la más poblada en el río ElbeHamburgo
89%
La catedral de esta ciudad fue el edificio más alto del mundo del 1880-1884Colonia
86%
Donde se daban rallyes de los Nazi y los tribunales de ellosNúremberg
80%
Capital de Alemania Occidental del 1949-1990Bonn
77%
La segunda letra de esta ciudad es üDüsseldorf
73%
Capital financiero de AlemaniaFráncfort
69%
Controversialmente bombardeada por los británicos y estadounidenses en el 1945Dresde
63%
Sede de Porsche y MercedesStuttgart
61%
JS Bach murió en esta ciudadLeipzig
52%
La línea real de esta ciudad dirigió Gran Bretaña del 1714-1901Hannover
48%
Ciudad alemana más poblada en el mar BálticoKiel
44%
Ciudad más occidental en Alemania y residencia de CarlomagnoAquisgrán
41%
Los líderes de las potenciales principales de los Aliados se reunieron aquí en agosto del 1945Potsdam
36%
Novena ciudad más grande en Alemania. Hogar a la familia KruppEssen
33%
Hogar a la universidad más antigua de AlemaniaHeidelberg
32%
Este pueblo dió su nombre para un estado en Alemania orientalBrandeburgo
18%
Carl Benz inventó el automóvil mientras trabajaba es esta ciudad
en la intersección del Rin y Neckar
Mannheim
15%
Esta ciudad en realidad no existeBielefeld
14%

Distribución de puntuación

Porcentaje por número respondido

Porcentaje de gente con cada puntuación

Historial de tus puntuaciones

No has tomado esta prueba